1100 лет славянской азбуки (Запис № 580033)
[ простий вигляд ]
| 000 -Лідер | |
|---|---|
| fixed length control field | 01721 a2200277 4500 |
| 001 - Контрольний номер | |
| control field | 2162214035926634 |
| 003 - Ідентифікатор контрольного номера | |
| control field | UA-OsUOA |
| 005 - Дата та час останнього входження (трансакції) | |
| control field | 20260311101741.0 |
| 008 - Елементи даних фіксованої довжини – загальна інформація | |
| fixed length control field | 260311b -urao||| |||| 00| 0 rus d |
| 020 ## - Міжнародний стандартний книжковий номер (ISBN) | |
| Міжнародний стандартний книжковий номер (ISBN) (НП) | 5020108650 |
| 040 ## - Джерело каталогізації | |
| Агенція оригінальної каталогізації | UA-OsUOA |
| Мова каталогізації | rus |
| Агенція, яка здійснювала перезапис | UA-OsUOA |
| Агенція, яка здійснювала модифікацію | UA-OsUOA |
| 041 ## - Код мови | |
| Код мови тексту/ звукової доріжки чи окремого заголовка (П) | rus |
| 080 ## - Індекс Універсальної десяткової класифікації | |
| Індекс Універсальної десяткової класифікації (УДК) (НП) | 81'351(367) |
| 090 ## - Локальний шифр розміщення | |
| Класифікаційний індекс УДК | 81'351(367) |
| Авторський знак (НП) | И91 |
| 100 ## - Основне введення – ім’я особи | |
| Ім’я особи (НП) | Истрин В. А. |
| 9 (RLIN) | 24376 |
| 245 ## - Відомості про назву | |
| Назва (НП) | 1100 лет славянской азбуки |
| Дані про відповідальність (НП) | В. А. Истрин |
| 250 ## - Відомості про видання (редакцію) | |
| Відомості про видання (редакцію) (НП) | 2-е изд. |
| 260 ## - Публікація, розповсюдження і т.п. (Вихідні дані) | |
| Місце публікації, розповсюдження і т.п. (П) | Москва |
| Ім’я/ наймення видавництва, розповсюджувача і т.п. (П) | Наука |
| Дата публікації, розповсюдження і т.п. (П) | 1988 |
| 300 ## - Фізичний опис | |
| Обсяг | 192 с. |
| 490 ## - Область серії | |
| Назва серії | "Литературоведение и языкознание" |
| 520 ## - Резюме і т.п. | |
| Резюме, реферат, анотація, тощо (НП) | Книга знакомит читателя с полной драматических событий историей жизни и деятельности создателей славянской азбуки, великих славянских просветителей братьев Константина Философа (Кирилла) и Мефодия. Наряду с этим дается сравнительная характеристика и прослеживается последующая судьба двух древнейших славянских азбук - кириллицы и глаголицы, рассматриваются пока еще не решенные наукой до конца вопросы о докирилловской славянской письменности. |
| 650 ## - Додаткове предметне введення – тематичний термін | |
| Тематичний термін чи географічна назва, як елемент введення (НП) | 81 Лінгвістика. Мовознавство. Мови |
| 9 (RLIN) | 1918 |
| 942 ## - Додаткові елементи входу (Коха) | |
| Тип елемента Koha | Книги |
| Source of classification or shelving scheme | Universal Decimal Classification |
| 955 ## - Код типу видання за змістом | |
| Код типу видання за змістом (НП) | Науково-популярні видання |
| Стан вилучень | Стан втрат | Джерело класифікації або схеми стелажів | Стан уражень | Не для кредиту | Код колекції | Постійне місце розташування | Поточне розміщення | Дата придбання | Джерело придбання | Вартість, звичайна ціна покупки | Інвентарний номер | Усього замовленно | Повний номер виклику | Штрих-код | Дата останнього перегляду | Вартість, ціна заміни | Ціна ефективна від | Тип елемента Koha |
|---|---|---|---|---|---|---|---|---|---|---|---|---|---|---|---|---|---|---|
| Universal Decimal Classification | Колекція Шевчука Валерія | АБ - Абонемент НБ | АБ - Абонемент НБ | 04/03/2026 | Акт №09/04.03.2026 | 25.00 | 169533 | 81'351(367) И91 | 169533 | 11/03/2026 | 25.00 | 11/03/2026 | Книги |